<?xml version="1.0" encoding="UTF-8"?>
<record
    xmlns:xsi="http://www.w3.org/2001/XMLSchema-instance"
    xsi:schemaLocation="http://www.loc.gov/MARC21/slim http://www.loc.gov/standards/marcxml/schema/MARC21slim.xsd"
    xmlns="http://www.loc.gov/MARC21/slim">

  <leader>00407nam a22001097a 4500</leader>
  <datafield tag="999" ind1=" " ind2=" ">
    <subfield code="c">7338</subfield>
    <subfield code="d">7338</subfield>
  </datafield>
  <controlfield tag="008">210408b           ||||| |||| 00| 0 cat d</controlfield>
  <datafield tag="245" ind1=" " ind2=" ">
    <subfield code="a">Fotografia i societat a la Catalunya del segle XIX :</subfield>
    <subfield code="b">del daguerrotip als primers fot&#xF2;grafs</subfield>
  </datafield>
  <datafield tag="300" ind1=" " ind2=" ">
    <subfield code="a">78 p.</subfield>
  </datafield>
  <datafield tag="650" ind1="4" ind2="0">
    <subfield code="9">3144</subfield>
    <subfield code="a">Fotografia</subfield>
    <subfield code="x">Hist&#xF2;ria</subfield>
    <subfield code="z">Catalunya</subfield>
  </datafield>
  <datafield tag="856" ind1=" " ind2=" ">
    <subfield code="u">http://hdl.handle.net/10256/16003</subfield>
    <subfield code="z">Acc&#xE9;s al Repositori Digital de la UDG</subfield>
  </datafield>
  <datafield tag="942" ind1=" " ind2=" ">
    <subfield code="2">udc</subfield>
    <subfield code="c">PON</subfield>
  </datafield>
  <datafield tag="952" ind1=" " ind2=" ">
    <subfield code="0">0</subfield>
    <subfield code="1">0</subfield>
    <subfield code="2">udc</subfield>
    <subfield code="4">0</subfield>
    <subfield code="7">0</subfield>
    <subfield code="a">CDMR</subfield>
    <subfield code="b">CDMR</subfield>
    <subfield code="d">2021-04-08</subfield>
    <subfield code="l">0</subfield>
    <subfield code="o">Fa 6/11</subfield>
    <subfield code="p">CDMR21040015</subfield>
    <subfield code="r">2021-04-08</subfield>
    <subfield code="w">2021-04-08</subfield>
    <subfield code="y">PON</subfield>
  </datafield>
</record>
